00412nam a2200157Ia 4500008004100000020001800041245005400059245004200113260001500155260001600170260000900186300001600195300002500211300001000236500000800246170705s9999 xx 000 0 und d a9780545274531 4aThe absolutely true diary of a part-time Indian / cSherman Alexie ; art by Ellen Forney. aNew York : bScholastic, c2007 a229 pages : bcolor illustration ; c19cm. a600